000 00714nam a2200217Ia 4500
003 GCL
008 140319s9999 xx 000 0 ara d
040 _aGCL /
_cGCL
082 0 4 _a953.073
_bا ت
100 1 _aالياس الايوبى
245 1 0 _aتاريخ مصر الاسلامية من الفتح العربى سنة 640م الى الفتح العثمانى سنة 1517م /
_cالياس الايوبى
260 _a[S.N] :
_bدار الكتب المصرية
300 _a345 ص
490 _a
650 0 4 _aالاسلام
650 0 4 _aالفتوحات الاسلامية
650 0 4 _aالتاريخ الاسلامى
650 0 4 _aالتاريخ
650 0 4 _aفتح مصر
942 _2ddc
_cBK
999 _c58800
_d58800